| 000 | 00763cam a2200217 4500 | ||
|---|---|---|---|
| 001 | ABS65518 | ||
| 008 | 020527n2002 000 0 eng u | ||
| 035 | _a(Sirsi) u118149 | ||
| 100 | _aMartin, D | ||
| 245 | _aDevolution deliberation | ||
| 260 | _c2002 | ||
| 490 |
_aInside Housing _v 17 May 2002, 14-15(2) |
||
| 520 | _aConsiders John Prescott's plans for regional assemblies and how this will affect the Housing Corporation in its present role. The Housing Corporation role would be considerably reduced with many of its powers passed to the new elected assemblies. | ||
| 590 | _aABS | ||
| 650 | _aREGIONAL ASSEMBLIES | ||
| 650 | _aHOUSING CORPORATION | ||
| 650 | _aHOUSING POLICY | ||
| 650 | _aREGIONAL POLICY | ||
| 690 | _aHOUSING | ||
| 942 | _n0 | ||
| 999 |
_c70359 _d70359 |
||